Music Quiz

Random Music or Song Quiz

Disney Song Lyrics 4 Quiz Stats

 Plays Quiz not verified by Sporcle

Also try: Music Pop-Ups
Challenge
Share
Tweet
Embed
Score 0/199 Timer 10:00
0 Plays Today
% Correct
the
99%
the
99%
and
99%
and
99%
the
99%
a
99%
the
99%
a
99%
the
99%
And
99%
the
99%
I
97%
I
97%
I
97%
I
97%
I
97%
I
97%
I
97%
I
97%
you
91.1%
you
91.1%
you
91.1%
You
91.1%
you
91.1%
of
86.8%
be
85%
be
85%
in
79.5%
to
79.1%
to
79.1%
to
79.1%
it
79%
on
78.9%
on
78.9%
on
78.9%
can
78%
are
76.5%
are
76.5%
of
75.1%
of
75.1%
What's
74.9%
Whad'ya
74.8%
What
74.8%
What
74.8%
what
74.8%
where
73.8%
where
73.8%
where
73.8%
where
73.8%
who
73.1%
who
73.1%
see
72.8%
see
72.8%
wanna
72%
wanna
72%
Wanna
72%
that
71.8%
that
71.8%
they
71.8%
they
71.8%
they
71.8%
they
71.8%
they
71.8%
my
70.8%
No
70.8%
she's
70.6%
your
70.2%
% Correct
want
70.2%
want
70.2%
world
69.7%
would
69.4%
would
69.4%
for
69.3%
'em
69.3%
'em
69.3%
at
68.4%
at
68.4%
this
68.4%
this
68.4%
could
68.2%
could
68.2%
people
67.7%
people
67.7%
walk
67.1%
if
67%
Up
66.9%
Up
66.9%
Up
66.9%
dancing
66.1%
all
66%
part
66%
one
65.5%
girl
65.4%
girl
65.4%
day
65.4%
day
65.4%
think
65.3%
think
65.3%
think
65.3%
got
65.1%
got
65.1%
got
65.1%
got
65.1%
I'm
65%
Look
65%
Look
65%
Looking
64.9%
has
64.5%
sun
64.3%
How
64.3%
feet
64.2%
call
63.8%
But
63.5%
around
63.4%
around
63.4%
don't
63.1%
don't
63.1%
dancing
62.9%
everything
62.5%
everything
62.4%
oh
62.3%
Wish
61.7%
more
61.6%
run
61.2%
Isn't
61%
too
60.8%
I've
60.3%
I've
60.3%
Wouldn't
60.2%
Wouldn't
60.2%
those
60%
get
60%
give
59.8%
neat
59.7%
% Correct
collection's
59.7%
their
59.6%
complete
59.6%
stuff
59.5%
know
59.2%
know
59.2%
out
59.1%
Walking
58.6%
stay
57.9%
aplenty
57.8%
thingamabobs
57.4%
twenty
57.4%
whatzits
57.3%
cares
57.2%
galore
57.1%
Legs
56.7%
big
56.5%
gadgets
56.3%
live
56.2%
here
56%
deal
55.8%
gizmos
55.7%
waters
55.6%
many
55.5%
whozits
55.4%
far
55.4%
Treasures
55.2%
these
55.2%
wonders
55.1%
hold
55%
sand
54.8%
swimming
54.6%
fins
54.6%
spend
54.3%
untold
53.3%
land
53.3%
street
53.2%
Flipping
52.8%
daughters
52.6%
word
52.6%
jumping
52.5%
free
52.4%
cavern
52.3%
Bet
51.4%
Bet
51.3%
again
51.2%
required
51.1%
Sick
50.6%
Ready
50.4%
ready
50.4%
women
50.4%
stand
50%
down
49.9%
understand
49.4%
Sure
48.9%
warm
48.9%
trove
48.3%
Strolling
47.8%
you'd
47.4%
reprimand
47.3%
Wandering
46.7%
pay
46.5%
young
46.2%
along
45.8%
Bright
45.4%

You're not logged in!

Compare scores with friends on all Sporcle quizzes.
Join for Free
OR
Log In

You Might Also Like...

Show Comments

Extras

Curator's Pick May 28, 2011ReportNominate
Tags:Disney Quiz, Lyrics Quiz, Song Quiz

Top Quizzes Today


Score Distribution

Your Account Isn't Verified!

In order to create a playlist on Sporcle, you need to verify the email address you used during registration. Go to your Sporcle Settings to finish the process.

Report this User

Report this user for behavior that violates our Community Guidelines.

Details: